| 000 | 01194nam a22002777a 4500 | ||
|---|---|---|---|
| 001 | 726 | ||
| 005 | 20240411103222.0 | ||
| 020 |
_a0590446886 : _c$14.95 |
||
| 040 |
_aDLC _cDLC _dDLC _beng |
||
| 050 | 0 | 0 |
_aQE862.D5 _bC694 1994 |
| 082 | 0 | 0 |
_a567.9/1 _220 |
| 100 | 1 | _aCole, Joanna. | |
| 245 | 1 | 4 |
_aThe magic school bus : _bin the time of the dinosaurs / _cby Joanna Cole ; illustrated by Bruce Degen. |
| 260 |
_aNew York : _bScholastic, _c1994. |
||
| 300 |
_a48 pages : _bcolor illustrations ; _c22 x 26 cm. |
||
| 490 | _aThe magic school bus | ||
| 505 | _aN | ||
| 520 | _aThe classroom is decorated as Dinosaur Land, but Ms. Frizzle - inspired by an archeological dig - craves a more authentic experience. The Magic School bus turns into a time machine and transports the class back millions of years to an adventure where they learn about dinosaurs, their habitats and diets, and even a Maiasaura nesting ground. | ||
| 521 |
_a580
_bLexile |
||
| 521 |
_aN
_bRaz-Plus |
||
| 650 | 0 |
_aDinosaurs _xPictorial works _xJuvenile literature. |
|
| 650 | 1 | _aDinosaurs. | |
| 700 | 1 |
_aDegen, Bruce, _eillustrator. |
|
| 906 |
_a7 _bcbc _corignew _d1 _eocip _f19 _gy-gencatlg |
||
| 942 |
_2ddc _cBK _n0 |
||
| 999 |
_c726 _d726 |
||